000 01311nam a2200373 a 4500
001 118919
003 FlNmELB
005 20241217175015.0
006 m o d |
007 cr cn|||||||||
008 201002r2010 xxu|||||s|||||||||||spa d
020 _z9781449222604
035 _a(MiAaPQ)EBC3186877
035 _a(Au-PeEL)EBL3186877
035 _a(CaPaEBR)ebr10360813
035 _a(OCoLC)928933833
040 _aFlNmELB
_bspa
_cFlNmELB
050 4 _aDT352.5
_bH673 2010
080 _a93
082 0 4 _a967
_222
245 0 0 _aHistoria universal
_h[recurso electronico] :
_bÁfrica al sur del Sahara /
_cbajo la dirección de René Almagro.
260 _a[Miami, FL] :
_b[Firmas Press],
_c[2010?]
300 _a160 p.
440 0 _aBiblioteca de aula
500 _aProyecto considerado de interés cultural y educativo por la UNESCO.
533 _aRecurso electrónico. Santa Fe, Arg.: e-libro, 2015. Disponible vía World Wide Web. El acceso puede estar limitado para las bibliotecas afiliadas a e-libro.
650 4 _aHistoria.
651 4 _aAfrica, Sub-Saharan
_xHistory.
653 _aHistoria universal
655 4 _aLibros electrónicos.
700 1 _aAlmagro, René,
_edir.
710 2 _ae-libro, Corp.
856 4 0 _uhttps://elibro.net/ereader/politecnicointernacional/36431
999 _c118919
_d118919